Monorama Year Book 1987 (Record no. 9037)

MARC details
000 -LEADER
fixed length control field 00497nam a2200169Ia 4500
003 - CONTROL NUMBER IDENTIFIER
control field IN-BaIIA
008 - FIXED-LENGTH DATA ELEMENTS--GENERAL INFORMATION
fixed length control field 211028s9999 xx 000 0 eng d
040 ## - CATALOGING SOURCE
Transcribing agency IIA Library
080 ## - UNIVERSAL DECIMAL CLASSIFICATION NUMBER
Universal Decimal Classification number 58
Item number MAT
245 #0 - TITLE STATEMENT
Title Monorama Year Book 1987
Statement of responsibility, etc. edited by K M. Mathew
260 ## - PUBLICATION, DISTRIBUTION, ETC.
Place of publication, distribution, etc. Kerala, Malayalam Monorama
Name of publisher, distributor, etc. Malayala Manorama
Date of publication, distribution, etc. 1987
300 ## - PHYSICAL DESCRIPTION
Extent 858p.
650 ## - SUBJECT ADDED ENTRY--TOPICAL TERM
Topical term or geographic name entry element NASA Thesaurus
650 ## - SUBJECT ADDED ENTRY--TOPICAL TERM
Topical term or geographic name entry element Yearbooks
9 (RLIN) 4151
700 ## - ADDED ENTRY--PERSONAL NAME
Personal name Mathew, K M. ed
9 (RLIN) 11789
942 ## - ADDED ENTRY ELEMENTS (KOHA)
Koha item type Books
Holdings
Withdrawn status Lost status Damaged status Not for loan Home library Current library Shelving location Date acquired Cost, normal purchase price Total Checkouts Full call number Barcode Date last seen Cost, replacement price Price effective from Koha item type Purchase Price
        IIA Library-Bangalore IIA Library-Bangalore General Stacks 04/06/1987 25.00   058/ MAT 9933 05/11/2021 25.00 04/06/1987 Books Rs. 25.00

Powered by Koha